| 000 | 00541nam a2200193Ia 4500 | ||
|---|---|---|---|
| 005 | 20250923144730.0 | ||
| 008 | 008 250917s9999 xx 000 0 eng d | ||
| 037 | _aTextual | ||
| 040 |
_aDSWL _beng _cDSWL |
||
| 041 |
_aeng _2eng |
||
| 084 |
_aV2:1'N2t4, N30;1 _qDSWL |
||
| 245 | 0 | _aIndian statutory commission volume I Survey | |
| 260 |
_aCalcutta _bCentral Publication Branch _c1930 |
||
| 300 | _axxvi,410p. | ||
| 365 |
_aINR _b13 |
||
| 925 | _g13 | ||
| 942 |
_cTEXL _hV2:1'N2t4, N30;1 |
||
| 999 |
_c1442642 _d1442642 |
||